First 60 Chinese Radicals - Statistics

General Stats
  • This quiz has been taken 151 times
  • The average score is 22 of 60
Answer Stats
Radical Name % Correct
Man
80%
Mountain
75%
Two
75%
One
73%
Woman
70%
Big
65%
Child
65%
Mouth
63%
Small
63%
Eight
58%
Ice
58%
Ten
55%
Enter
53%
Work
53%
Earth
50%
Lid
50%
Power
48%
Dot
45%
Knife
43%
Again
40%
Legs
40%
Bow
38%
Corpse
38%
Line
38%
River
38%
Cliff
35%
Enclosure
35%
Roof
35%
Table
35%
Cover
33%
Hook
33%
Second
33%
丿 Slash
30%
Evening
28%
Open Box
28%
Scholar
28%
Bristle
25%
广 Dotted Cliff
25%
Inch
25%
Right Open Box
25%
Short Thread
25%
Sprout
25%
Oneself
23%
Private
23%
Step
23%
Turban
23%
Divination
20%
Go
20%
Seal
20%
Spoon
20%
Two Hands
20%
Down Box
18%
Dry
18%
Lame
18%
Shoot
18%
Snout
18%
Wrap
18%
Go Slowly
15%
Long Stride
15%
Hiding Enclosure
5%
No matching quizzes found
Score Distribution
Percent of People with Each Score
Percentile by Number Answered
Your Score History
You have not taken this quiz